|
|
|
|
| LEADER |
00000nab a2200000 a 4500 |
| 001 |
vtls008857243 |
| 003 |
SK-MaSNL |
| 005 |
20260304003955.0 |
| 008 |
140328c2006 xo zr|p|||||||000 b|slo |
| 015 |
|
|
|a SNBRB2006/10
|2 snkbucl
|
| 038 |
|
|
|a SNKBUCL
|
| 040 |
|
|
|a SNKBUCL
|b slo
|c SNKBUCL
|e AACR2
|
| 041 |
0 |
|
|a slo
|
| 044 |
|
|
|a xo
|c SK
|
| 080 |
|
|
|a 725.2
|x (437.6)
|2 2001
|
| 245 |
0 |
0 |
|a Plánovaná výstavba na Slovensku
|
| 300 |
|
|
|b Fotogr.
|
| 610 |
2 |
7 |
|a Pressburg Trade Center (Bratislava, Slovensko)
|x výstavba
|2 snkbucl
|9 1283069
|
| 610 |
2 |
7 |
|a Madaras (komplex : Spišská Nová Ves, Slovensko)
|2 snkbucl
|9 1095509
|
| 610 |
2 |
7 |
|a Reding II (administratívne centrum : Bratislava, Slovensko)
|x výstavba
|2 snkbucl
|9 1283070
|
| 651 |
|
7 |
|a Bratislava (Slovensko)
|2 snkbucl
|
| 651 |
|
7 |
|a Spišská Nová Ves (Slovensko)
|2 snkbucl
|9 28800
|
| 773 |
0 |
|
|t Eurostav
|g Roč. 12, č. 4 (2006), s. 52
|x 1335-1249
|
| 852 |
|
|
|a SNK
|b KIS3GCP
|
| 958 |
|
|
|a SK
|
| 999 |
|
|
|c 2549607
|d 2551537
|